Les meilleurs buteurs de l'histoire de la Real Sociedad - Statistiques

Statistiques générales
  • Ce quiz a été pris 21 fois
  • Le résultat moyen est 3 sur 10
Statistiques - réponses
Buts Nationalité Joueur % Correct
96 Espagne Mikel Oyarzabal
90%
73 Mexique / Espagne Carlos Vela
60%
74 Espagne Xabi Prieto
55%
74 Espagne Imanol Agirretxe
25%
144 Espagne Jesús Satrustegui
15%
107 Serbie Darko Kovačević
10%
81 Bosnie-Herzégovine Meho Kodro
10%
107 Espagne Roberto López Ufarte
5%
72 Espagne José Mari Bakero
0%
79 Espagne Pello Uralde
0%
Aucun quiz correspondant
Distribution des résultats
% des personnes avec chaque résultat
Percentile par nombre de réponses
Votre historique - résultats
Vous n’avez pas pris ce quiz